| 000 | 00421nab a2200145Ia 4500 | ||
|---|---|---|---|
| 003 | ES-SlBCS | ||
| 005 | 20210601134617.0 | ||
| 008 | 140529s1995 xxu||||| |||| 00| 0 spa d | ||
| 041 | _aspa | ||
| 100 | 1 |
_aMarquiegui, Antón _9220400 |
|
| 245 | 0 | 0 |
_aLa educación en los valores _c Antón Marquiegui |
| 650 | 0 | 4 |
_aValores-Educación _9161835 |
| 773 | 0 |
_tAnthropos _gvol. 16, nº. 30, 1995, págs. 55-62 _wRev38 |
|
| 942 | _cAR | ||
| 999 |
_c615235 _d615235 |
||